000 00584nam a2200181Ia 4500
008 151018s9999 xx 000 0 und d
082 _bRBASDV16861
_a891.463
100 _aशशिकला साळगांवकर
245 _aकाटशह
250 _b1
260 _bश्रीविद्या प्रकाशन पुणे
_c1982
300 _a152
600 _aशशिकला साळगांवकर
630 _aकाटशह
700 _aशशिकला साळगांवकर
730 _aकाटशह
942 _cBOOK
999 _c1017550
_d1017547